| 000 | 00650nam a2200217Ia 4500 | ||
|---|---|---|---|
| 005 | 20220216150616.0 | ||
| 008 | 210716s2008 xx 000 0 und d | ||
| 020 | _a8177586548 | ||
| 040 | _cAIMIT LIBRARY | ||
| 041 | _aeng | ||
| 082 |
_a519.5 _22nd _bSHAJ |
||
| 100 |
_aSharma, J K. _920263 |
||
| 245 |
_aBusiness statistics / _cBy J. K .Sharma |
||
| 250 | _a2nd ed. | ||
| 260 |
_aNew Delhi : _bPearson Education , _c2008. |
||
| 300 |
_axviii,732p. ; _c27.5 cm. |
||
| 650 |
_aMeasures of central tendency _920264 |
||
| 650 |
_aMeasures of dispersion _920265 |
||
| 650 |
_aFundamentals of probability _920266 |
||
| 942 |
_2ddc _cBK _e2nd _k519.5 SHAJ |
||
| 999 |
_c201145 _d201145 |
||